[Event "ACL-A117"]
[Site "www.playchess.de"]
[Date "2001.03.18"]
[Round "9"]
[White "Alyaspogi"]
[Black "MP"]
[WhiteElo "1388"]
[BlackElo "829"]
[PlyCount "46"]
[Result "0-1"]

1.d4 d5 2.c4 c6 3.Nc3 Nf6 4.e3 g6 5.Nf3 Bg7 6.Be2 
Bg4 7.h3 Bxf3 8.gxf3 O-O 9.cxd5 cxd5 10.e4 dxe4 
11.fxe4 Nc6 12.e5 Nd5 13.h4 f5 14.h5 e6 15.hxg6 
hxg6 16.Bh6 Bxh6 17.Rxh6 Qg5 18.Rh1 Kg7 19.Bf3 
Rfh8 20.Ke2 Qf4 21.Bxd5 exd5 22.Qd2 Nxd4+ 23.Kd1 
Rxh1+ 0-1

[Event "HCL-B229"]
[Site "www.playchess.de"]
[Date "2001.03.18"]
[Round "18"]
[White "dakini"]
[Black "Michael"]
[WhiteElo "1145"]
[BlackElo "929"]
[PlyCount "29"]
[Result "1-0"]

1.d4 d5 2.c4 Nf6 3.Nf3 Ne4 4.Be3 e6 5.c5 c6 6.Nbd2 
b6 7.b4 b5 8.Qc2 a5 9.Nxe4 dxe4 10.Ne5 axb4 
11.Qxe4 Bb7 12.Qf3 f6 13.Qh5+ g6 14.Nxg6 b3 
15.Ne5+ 1-0

[Event "HCL-B229"]
[Site "www.playchess.de"]
[Date "2001.03.18"]
[Round "20"]
[White "dakini"]
[Black "dg"]
[WhiteElo "1145"]
[BlackElo "1095"]
[PlyCount "48"]
[Result "0-1"]

1.d4 {Hi again!}  d5 {hi}  2.c4 dxc4 3.e3 b5 4.a4 
c6 5.axb5 cxb5 6.Qf3 Bb7 7.Qxb7 Nd7 8.Qxb5 Rb8 
9.Qxc4 Rc8 10.Qa4 Rxc1+ 11.Ke2 Qc7 12.Nf3 Rc2+ 
13.Kd3 Rxb2 14.Nc3 e6 15.Be2 g6 16.Rhb1 Rxb1 
17.Rxb1 Bg7 18.Nb5 Qd8 19.Qxa7 Ne7 20.Nc7+ Kf8 
21.Bd1 Bf6 22.Rb7 Kg7 23.Nb5 Nc6 24.Qa4 
Nc5+ 0-1

[Event "HCL-C232"]
[Site "www.playchess.de"]
[Date "2001.03.18"]
[Round "9"]
[White "morphy"]
[Black "Michael2001"]
[WhiteElo "1000"]
[BlackElo "1000"]
[PlyCount "43"]
[Result "1-0"]

1.e4 e5 2.f4 exf4 3.Bc4 Qh4+ 4.Kf1 Nf6 5.Nf3 Qh5 
6.Qe1 Nc6 7.e5 Ng8 8.d4 Nb4 9.Qd2 g5 10.h4 h6 
11.a3 Na6 12.Rh2 g4 13.Ne1 Qf5 14.Qxf4 Qxf4+ 
15.Bxf4 Ne7 16.Nc3 c6 17.Ne4 d5 18.exd6 Nf5 
19.Nf6+ Kd8 20.Bxf7 Nxd4 21.Be5 Bg7 
22.Bxd4 1-0

[Event "ACL-E007"]
[Site "www.playchess.de"]
[Date "2001.03.18"]
[Round "12"]
[White "Deppenhaufen"]
[Black "peze"]
[WhiteElo "2137"]
[BlackElo "1889"]
[PlyCount "44"]
[Result "1/2-1/2"]

1.e4 e5 2.Nf3 Nf6 3.d4 d6 4.dxe5 Nxe4 5.Qd5 Nc5 
6.Bg5 Qd7 7.exd6 Bxd6 8.Nc3 O-O 9.O-O-O Nc6 10.Nb5 
Qg4 11.h3 Qa4 12.Nxd6 cxd6 13.a3 Be6 14.Qxd6 Ne4 
15.Qf4 Nb4 16.Bd3 Nxd3+ 17.Rxd3 Rac8 18.Nd4 Bd5 
19.Rhd1 Rfe8 20.Re3 Rc4 21.c3 Rxc3+ 22.bxc3 Qxa3+ 
{Ich bau jetzt eine Remis-Schaukel} 
 1/2-1/2

[Event "ACL-E007"]
[Site "www.playchess.de"]
[Date "2001.03.18"]
[Round "14"]
[White "Deppenhaufen"]
[Black "iq160"]
[WhiteElo "2137"]
[BlackElo "1654"]
[PlyCount "49"]
[Result "1-0"]

1.e4 c5 2.c3 g6 3.d4 Bg7 4.dxc5 Qc7 5.Be3 Na6 
6.Bxa6 bxa6 7.Nd2 a5 {Deppenhaufen? klingt nach 
schlechtem Betriebsklima}  8.Bd4 {ne, wie kommst 
du denn da drauf?}  Nf6 {na ja, n'Haufen Deppen, 
was soll man da schon denken?}  9.Ngf3 {das kommt 
vom meinem schlechtem schachspiel}  Ba6 10.Qa4 O-O 
11.Rd1 Rfe8 12.Nb3 Qf4 {ich spiele gut, was?}  
13.Be3 {ich sags mal so. ich hab Df4 erwartet.}  
Qxe4 {Du kannst wegen La6 nicht rochieren, das 
wird i.d.R. zum Problem.}  14.Qxe4 {halb so wild 
ohne damen am brett.}  Nxe4 {dann seh ich was was 
du nicht siehst}  15.Rxd7 {matt werd ich schon 
nicht gleich werden}  a4 {wir erden sehen wie es 
ausgeht, ich hätte lieber weiss}  16.Nbd2 
{allgemein, oder jetzt in dieser stellung?}  Nxd2 
{jetzt, der läufer muss wohl irgendwann von a6 
verschwinden und dann wirds kritisch, denk ich}  
17.Kxd2 {zumindest weißte jetzt, das ich nicht 
mehr die rochade machen werde.}  Red8 18.Rxd8+ 
Rxd8+ {§§}  19.Kc2 Bd3+ 20.Kc1 Be4 {ist zu 101% 
Remis...}  21.Rd1 {wenns remis ist, können wir ja 
bis zum schluss spielen.}  Rxd1+ 22.Kxd1 Bxf3+ 
{mach feierabend, das ist Remis, da braucht man 
keinen rechner der noch stundenlang Mist 
berechnet}  23.gxf3 {ich hab einen bauern mehr. 
also musst du beweisen das es remis ist.}  Be5 
{damit eins hier mal klargestell wird: ICH MUSS 
HIER GAR NICHTS}  24.h3 {sauer, weil ich remis 
ablehne?}  Kf8 {nein weil das remisangebot 
gutgemeint war, weiss steht schlechter!}  25.Kc2 
{obwohl ich einen bauern mehr habe?} 
 1-0

[Event "HCL-A102"]
[Site "www.playchess.de"]
[Date "2001.03.18"]
[Round "17"]
[White "mrchess"]
[Black "deadeasy"]
[WhiteElo "1558"]
[BlackElo "1902"]
[PlyCount "23"]
[Result "1/2-1/2"]

1.d4 Nf6 2.c4 c5 3.Nf3 g6 4.e3 Bg7 5.Nc3 O-O 6.d5 
d6 7.Be2 a6 8.O-O Nbd7 9.Qc2 b6 10.e4 Bb7 11.Re1 
Qc7 12.Rb1 1/2-1/2

[Event "HCL-B232"]
[Site "www.playchess.de"]
[Date "2001.03.18"]
[Round "4"]
[White "player27"]
[Black "lonewolf"]
[WhiteElo "1432"]
[BlackElo "1159"]
[PlyCount "34"]
[Result "0-1"]

1.b4 {*handshake* good luck}  c6 {thanks,same to 
you.}  2.Bb2 a5 3.a3 axb4 4.axb4 Rxa1 5.Bxa1 Qb6 
6.c3 e5 7.g3 d5 8.Nf3 Bd6 9.c4 Qxb4 10.cxd5 Bf5 
11.Nxe5 Bxb1 12.Nxc6 Nxc6 13.dxc6 Nf6 14.Bxf6 gxf6 
15.cxb7 Qxb7 16.f3 O-O 17.Bh3 Bc5 0-1

[Event "HCL-B231"]
[Site "www.playchess.de"]
[Date "2001.03.18"]
[Round "7"]
[White "Westqualmer"]
[Black "Doktor"]
[WhiteElo "1912"]
[BlackElo "1447"]
[PlyCount "21"]
[Result "1-0"]

1.e4 e5 2.Nf3 Nc6 3.Bb5 a6 4.Ba4 b5 5.Bb3 Nf6 
6.O-O h6 7.c3 d5 8.exd5 Nxd5 9.Re1 Qd6 10.d4 f6 
11.dxe5 1-0

[Event "HCL-B235"]
[Site "www.playchess.de"]
[Date "2001.03.18"]
[Round "5"]
[White "Mother_Teresa"]
[Black "Gyr"]
[WhiteElo "1193"]
[BlackElo "1200"]
[PlyCount "56"]
[Result "0-1"]

1.e4 c5 2.Nf3 d6 3.Bc4 Nf6 4.O-O Nxe4 5.d3 Nf6 
6.Bg5 e6 7.Nc3 Be7 8.Re1 O-O 9.a3 h6 10.Bh4 Nc6 
11.h3 b6 12.d4 d5 13.Ba2 Ba6 14.Rb1 Re8 15.dxc5 
bxc5 16.Ne5 Nxe5 17.Rxe5 Nd7 18.Re1 Bxh4 19.g3 Bf6 
20.Ne2 Ne5 21.Nf4 Rb8 22.Nd3 Nxd3 23.cxd3 Rxb2 
24.Rxb2 Bxb2 25.Qb3 Qb6 26.Rb1 Qxb3 27.Bxb3 Bd4 
28.Ba4 Re7 0-1

[Event "HCL-A044"]
[Site "www.playchess.de"]
[Date "2001.03.19"]
[Round "10"]
[White "Eaglewingz"]
[Black "robert66"]
[WhiteElo "1348"]
[BlackElo "1600"]
[PlyCount "87"]
[Result "1-0"]

1.e4 e5 2.Bc4 Nf6 3.Qe2 Nc6 4.Nf3 h6 5.c3 d6 6.d4 
Be7 7.d5 Na5 8.O-O Nxc4 9.Qxc4 O-O 10.h3 Bd7 
11.Qd3 a6 12.Nh4 c6 13.c4 cxd5 14.exd5 Nxd5 
15.Qxd5 Bxh4 16.Qxd6 Bf6 17.Nc3 Bc6 18.Qxd8 Raxd8 
19.Be3 Rfe8 20.Rfe1 e4 21.Rac1 b5 22.cxb5 Bxb5 
23.Nxb5 axb5 24.b3 b4 25.Rc4 Bc3 26.Rc1 Rdc8 
27.Rxc8 Rxc8 28.Bd4 Kf8 29.a3 Ra8 30.Bc5+ Ke8 
31.axb4 Be5 32.Re1 g5 33.f3 f5 34.fxe4 f4 35.Rd1 
Ra1 36.Rxa1 Bxa1 37.Kf2 Kd7 38.Kf3 h5 39.h4 Bf6 
40.hxg5 {Welcome back!}  Bxg5 41.b5 Bh6 42.b6 Kc6 
43.e5 Bg5 44.e6 1-0

[Event "HCL-A054"]
[Site "www.playchess.de"]
[Date "2001.03.19"]
[Round "9"]
[White "schlueter"]
[Black "teenspirit"]
[WhiteElo "1492"]
[BlackElo "1768"]
[PlyCount "57"]
[Result "1/2-1/2"]

1.f4 d5 2.Nf3 Nf6 3.b3 g6 4.Bb2 Bg7 5.e3 O-O 6.Be2 
Bg4 7.O-O Nbd7 8.d3 c6 9.Nbd2 Qc7 10.Ne5 Bxe2 
11.Qxe2 Ne8 12.Ndf3 Nd6 13.c4 dxc4 14.bxc4 Nxe5 
15.Bxe5 Bxe5 16.Nxe5 Rad8 17.c5 Nf5 18.g4 Ng7 
19.d4 h5 20.h3 hxg4 21.hxg4 Ne8 22.f5 g5 23.Qf3 
Nf6 24.Kg2 Kg7 25.Rfh1 Rfh8 26.Rxh8 Rxh8 27.Rh1 
Rxh1 28.Kxh1 Qa5 29.Qe2 1/2-1/2

[Event "HCL-A059"]
[Site "www.playchess.de"]
[Date "2001.03.19"]
[Round "9"]
[White "FrenchKnight"]
[Black "BENEVOLENTONE"]
[WhiteElo "1758"]
[BlackElo "1080"]
[PlyCount "43"]
[Result "1-0"]

1.d4 d5 2.e4 dxe4 3.Nc3 f5 4.f3 exf3 5.Nxf3 g6 
6.Bf4 Nc6 7.Bb5 Bd7 8.Qe2 e6 9.d5 Nb4 10.Bxd7+ 
Qxd7 11.Be5 Bg7 12.Bxg7 O-O-O 13.Bxh8 exd5 
14.O-O-O Ne7 15.Bf6 Re8 16.Rhe1 Nbc6 17.Ne5 Nxe5 
18.Qxe5 c6 19.Bxe7 b5 20.Nxd5 cxd5 21.Rxd5 Rxe7 
22.Rxd7 1-0

[Event "HCL-A061"]
[Site "www.playchess.de"]
[Date "2001.03.19"]
[Round "6"]
[White "Kasparovjr"]
[Black "Chapo"]
[WhiteElo "1700"]
[BlackElo "1700"]
[PlyCount "88"]
[Result "0-1"]

1.e4 c5 2.c3 Nf6 3.e5 Nd5 4.Nf3 Nc6 5.Bc4 Nb6 
6.Bb3 d6 7.d4 c4 8.Bc2 dxe5 9.Nxe5 Nxe5 10.dxe5 
Qxd1+ 11.Bxd1 g6 12.Na3 Bd7 13.Bf3 O-O-O 14.Be3 
Be6 15.Bxb6 axb6 16.Be2 b5 17.Nxb5 Rd5 18.Nd4 Rxe5 
19.f4 Re4 20.O-O Bg7 21.Nxe6 Rxe2 22.Nxg7 Rxb2 
23.Rab1 Rxa2 24.Rfe1 {looks like an interesting 
double rook ending}  Rd8 25.Red1 Rxd1+ 26.Rxd1 Rc2 
27.Re1 Rxc3 28.Rxe7 b5 29.Ne8 Kd8 30.Rb7 Kxe8 
31.Rxb5 {Some heavy thinking?}  Rc2 32.f5 Ke7 
33.fxg6 hxg6 34.Rb7+ {Do u know how to win this 
one?}  Ke6 {Maybe}  35.Rc7 {I dont know if it is a 
draw in theory or not.}  c3 {me neither}  36.h3 
{Lets find out......}  Kd6 37.Rc8 Ke5 38.Rc7 Kd4 
39.Rxf7 Rb2 40.Kh2 c2 41.Rc7 Kd3 42.Rc6 Rb1 
43.Rd6+ Ke4 44.Re6+ {Its all over then. Thanx for 
the game. I will resign on the next move.}  
Kf5 0-1

[Event "HCL-A062"]
[Site "www.playchess.de"]
[Date "2001.03.19"]
[Round "20"]
[White "teenspirit"]
[Black "chessnut"]
[WhiteElo "1766"]
[BlackElo "1700"]
[PlyCount "94"]
[Result "0-1"]

1.e4 e6 2.Nc3 d5 3.Nf3 Nf6 4.e5 Nfd7 5.d4 c5 6.Nb5 
Nc6 7.c3 {Hi again!}  a6 8.Na3 Qa5 9.Bd2 Qb6 
10.Qb3 Qxb3 11.axb3 cxd4 12.cxd4 Be7 {Hi to you!}  
13.Nc2 Rb8 14.Bd3 f6 15.exf6 Bxf6 16.Bf4 e5 
17.dxe5 Ndxe5 18.Nxe5 Bxe5 19.Bxe5 Nxe5 20.O-O-O 
O-O 21.f3 Re8 22.Rhe1 Nxd3+ 23.Rxd3 Rxe1+ 24.Nxe1 
{Wanna play this ending? Seems a long way for one 
of us to win that... dont u think so?}  Be6 {I'd 
like to play on a little longer! I've already 
drawn 2 games in this tourney.}  25.Kd2 Kf7 26.Ke3 
{Let's play then :)}  Ke7 27.Kd4 Kd6 28.Re3 Rc8 
29.Rc3 Re8 30.Nc2 Rf8 31.g3 g5 32.Ne3 h5 33.Ng2 h4 
34.gxh4 gxh4 35.Ke3 h3 36.Ne1 Rg8 37.Rc2 Bf5 
38.Rd2 Re8+ 39.Kf2 b5 40.Nd3 Bxd3 41.Rxd3 Rg8 
42.f4 {Hey, sorry, but I can't almost connect and 
I prefer to move in games with few days to go.}  
Rg2+ {No problem! I thought that you had for got 
about this one!}  43.Kf3 b4 44.Re3 Rxh2 45.Kg3 
Rxb2 46.Kxh3 d4 47.Rd3 Kd5 0-1

[Event "HCL-B134"]
[Site "www.playchess.de"]
[Date "2001.03.19"]
[Round "15"]
[White "kherubim"]
[Black "gigabyte"]
[WhiteElo "1629"]
[BlackElo "1200"]
[PlyCount "61"]
[Result "1-0"]

1.d4 d5 2.c4 dxc4 3.e4 e5 4.Nf3 Nc6 5.d5 Nb4 
6.Bxc4 Nf6 7.a3 Nbxd5 8.Bxd5 Bc5 9.Qb3 O-O 
10.Bxf7+ Rxf7 11.Nxe5 Bxf2+ 12.Kf1 Be6 13.Qxe6 
Nxe4 14.Qxf7+ Kh8 15.Qb3 Qf6 16.Nf7+ Kg8 17.Nd6+ 
Kf8 18.Nxe4 Qf5 19.Nxf2 Rd8 20.Qxb7 Qc2 21.Nc3 Kg8 
22.Qxc7 Rf8 23.Qxa7 h6 24.Qd4 g5 25.Nce4 Qc7 26.h4 
Rd8 27.Qf6 Qc4+ 28.Kg1 Rf8 29.Qg6+ Kh8 30.Qxh6+ 
Kg8 31.Qg6+ 1-0

[Event "HCL-B142"]
[Site "www.playchess.de"]
[Date "2001.03.19"]
[Round "7"]
[White "supercazzola"]
[Black "Matu"]
[WhiteElo "1500"]
[BlackElo "1513"]
[PlyCount "35"]
[Result "1/2-1/2"]

1.d4 Nf6 2.Bg5 d5 3.Bxf6 exf6 4.e3 Be6 5.Bd3 c6 
6.Nd2 Qb6 7.Nb3 a5 8.a4 Na6 9.Ne2 Nb4 10.O-O Nxd3 
11.Qxd3 Bd6 12.Nf4 O-O 13.Nxe6 fxe6 14.e4 dxe4 
15.Qxe4 Rfe8 16.Rad1 Rad8 17.Rfe1 e5 
18.Qd3 1/2-1/2

[Event "HCL-C096"]
[Site "www.playchess.de"]
[Date "2001.03.19"]
[Round "19"]
[White "ASLMB2004"]
[Black "kldr"]
[WhiteElo "1000"]
[BlackElo "1000"]
[PlyCount "68"]
[Result "0-1"]

1.d3 Nc6 2.e4 h6 3.Nf3 e5 4.c3 Be7 5.d4 exd4 
6.cxd4 d6 7.a3 a6 8.Nc3 Bd7 9.Bc4 Bf6 10.O-O Nge7 
11.d5 Ne5 12.Bf4 Nxc4 13.e5 dxe5 14.Bg3 Rf8 15.Re1 
Bg4 16.Re4 Bxf3 17.gxf3 Nd6 18.Re3 Nef5 19.Rd3 h5 
20.Qe1 Qe7 21.Ne4 h4 22.Bxe5 Bxe5 23.Qb4 h3 24.f4 
Bxf4 25.Rf3 Be5 26.Rxh3 Qd7 27.Rc1 Nb5 28.Rd3 Nfd4 
29.d6 Qg4+ 30.Ng3 Bxd6 31.Qc4 O-O-O 32.a4 Ne2+ 
33.Kf1 Nbd4 34.Nxe2 Qxe2+ 0-1

[Event "HCL-C128"]
[Site "www.playchess.de"]
[Date "2001.03.19"]
[Round "2"]
[White "Sirob11"]
[Black "xerxes2u"]
[WhiteElo "1000"]
[BlackElo "1000"]
[PlyCount "66"]
[Result "0-1"]

1.e4 d6 2.d4 Nf6 3.Nc3 g6 4.Bc4 Bg7 5.Nf3 O-O 
6.Bf4 c6 7.d5 cxd5 8.exd5 Nbd7 9.O-O Nc5 {Good to 
be back}  10.Re1 Re8 11.b4 Na6 12.a3 Bd7 13.Qd3 
Nc7 14.a4 a6 15.Ne4 Nxe4 16.Qxe4 Bxa1 17.Rxa1 b5 
18.Bd3 e6 19.Bg5 Qc8 20.Bh6 e5 21.a5 Bf5 22.Qh4 
Nxd5 23.Nd4 Bxd3 24.cxd3 Qc3 25.Rf1 exd4 26.g3 Re1 
27.Qg5 Rxf1+ 28.Kxf1 Qa1+ 29.Kg2 Qa2 30.h4 Ne3+ 
31.Kf3 Re8 32.Qf6 Nf5 33.g4 Qe2+ 0-1

[Event "HCL-E006"]
[Site "www.playchess.de"]
[Date "2001.03.19"]
[Round "2"]
[White "Jacob"]
[Black "d2d4"]
[WhiteElo "2000"]
[BlackElo "2000"]
[PlyCount "67"]
[Result "1-0"]

1.e4 d6 2.d4 Nf6 3.Nc3 g6 4.Nf3 Bg7 5.Be2 O-O 6.h3 
c6 7.O-O Qc7 8.Bf4 Nfd7 9.Qd2 e5 10.dxe5 dxe5 
11.Bg3 Nb6 12.Rad1 Be6 13.b3 h6 14.a4 a5 15.Nb1 
N8d7 16.Nd4 Nc5 17.Nxe6 Nxe6 18.Qe3 Nd7 19.Bc4 Nf4 
20.Rd2 Nb6 21.Be2 Nxe2+ 22.Qxe2 Rfd8 23.f4 Rxd2 
24.Qxd2 Nd7 25.f5 Nf6 26.fxg6 fxg6 27.Qc3 Nh5 
28.Be1 Nf6 29.Nd2 {Hei d2d4, Ich sehe kleiner 
weisser vorteil.l.}  Kh7 30.Qe3 b5 31.Bh4 Rf8 
32.Qc5 Qd7 33.Be1 Qd4+ 34.Qxd4 1-0

[Event "HCL-E016"]
[Site "www.playchess.de"]
[Date "2001.03.19"]
[Round "23"]
[White "Exchange_with_Tempo"]
[Black "Dimentiy"]
[WhiteElo "2227"]
[BlackElo "2000"]
[PlyCount "26"]
[Result "1/2-1/2"]

1.d4 d5 2.Nf3 Nf6 3.Bf4 e6 4.e3 Be7 5.Nbd2 Nbd7 
6.Bd3 O-O 7.c3 c5 8.Ne5 Re8 9.O-O h6 10.Bc2 Nf8 
11.Qf3 N8d7 12.h3 Qb6 13.Rab1 a6 1/2-1/2

[Event "ACL-A062"]
[Site "www.playchess.de"]
[Date "2001.03.19"]
[Round "27"]
[White "vrad"]
[Black "babycakes"]
[WhiteElo "1484"]
[BlackElo "1391"]
[PlyCount "35"]
[Result "1-0"]

1.Nf3 d5 2.g3 Nf6 3.Bg2 c5 4.O-O Nc6 5.d3 e6 
6.Nbd2 Be7 7.b3 O-O 8.Bb2 d4 9.Nc4 Bd6 10.e3 e5 
11.exd4 exd4 12.Nxd6 Qxd6 13.Nd2 Ne5 14.Re1 Bg4 
15.f3 Bh5 16.Ne4 Nxe4 17.dxe4 d3 
18.Bxe5 1-0

[Event "ACL-A062"]
[Site "www.playchess.de"]
[Date "2001.03.19"]
[Round "36"]
[White "vrad"]
[Black "Bill"]
[WhiteElo "1484"]
[BlackElo "1763"]
[PlyCount "90"]
[Result "0-1"]

1.e4 e5 2.Nf3 Nc6 3.Bb5 a6 4.Bxc6 dxc6 5.h3 f6 
6.O-O Bc5 7.d3 Be6 8.Nbd2 Ne7 9.Nb3 Bb6 10.Qe2 O-O 
11.Be3 Bxe3 12.Qxe3 Bf7 13.Rad1 Ng6 14.d4 Qe7 
15.dxe5 Nxe5 16.Nxe5 Qxe5 17.Qd4 Rfe8 18.Qxe5 Rxe5 
19.f3 Be6 20.Rfe1 Re8 21.Nd4 Bc8 22.Kf2 c5 23.Nb3 
b6 24.Nd2 R5e7 25.Nc4 f5 26.e5 f4 {I'll be away 
Feb 19 - 23}  27.a4 Bf5 28.c3 Bc2 29.Rda1 Bd3 
30.b3 a5 31.g3 Bxc4 32.bxc4 fxg3+ 33.Kxg3 R7xe5 
34.Rxe5 Rxe5 35.Rd1 Re3 36.Rd8+ Kf7 37.Rd7+ Re7 
38.Rxe7+ Kxe7 39.Kf4 Kf6 40.h4 h5 41.Ke4 g5 
42.hxg5+ Kxg5 43.Ke5 h4 44.f4+ Kh6 45.Ke6 
h3 0-1

[Event "ACL-A067"]
[Site "www.playchess.de"]
[Date "2001.03.19"]
[Round "17"]
[White "hun"]
[Black "traga"]
[WhiteElo "1790"]
[BlackElo "1794"]
[PlyCount "102"]
[Result "0-1"]

1.Nc3 e5 2.e4 Nc6 3.Nf3 Nf6 4.Bc4 Nxe4 5.Nxe4 d5 
6.Bb5 dxe4 7.Nxe5 Qg5 8.Nxc6 Qxb5 9.Nd4 Qg5 10.g3 
Bg4 11.d3 Qh5 12.Qd2 {hallo,susanne! wie geht´s 
dir? schöne grüsse l.   :)}  O-O-O {danke gut! nur 
stressig halt, und dir?}  13.c3 {es könnte besser 
sein, aber dann were es zu langweilig...      ;))} 
 c5 {viel auf reisen?}  14.Ne2 {ja,arbeit hab`ich 
mehr als mir lieb ist       ;))}  exd3 {besser als 
umgekehrt!}  15.Nf4 {jaou.... und bei dein job , 
alles ok?}  Qe5+ {ja, schon 3 eigene klienten als 
selbständige!!!}  16.Qe3 {bravo susanne, weiter 
so!    ausserdem gratulazio zum sieg !!   :)}  
Qxe3+ {danke für beides! vielleicht gewinne ich 
das turnier!}  17.fxe3 { :)}  g5 18.Ng2 {...ich 
glaube schon ...     :)}  Bh3 {wenn smutje 
aufgibt...}  19.Rg1 {  ;)}  Bh6 20.Bd2 {.. bis 
morgen! g`nacht!}  Rhe8 {guten morgen!}  21.O-O-O 
{hallo!  :)}  Re4 {hi nix fahren?}  22.Rdf1 {doch, 
aber nur tagestouren.}  f5 {heute bei mir wieder 
lang...}  23.Rf2 {au-we...   :)}  Kd7 24.Ne1 Ke6 
25.Nf3 g4 {sschönen wochenende!}  26.Nh4 {danke, 
wünsche ich dir auch. gratuliere , 1. tournier 
sieg in österreichische hand!  ;))}  Rd5 {jetzt 
darf ich nimmer mit controler in der C-klasse 
spielen!}  27.Re1 {wie?... was?...  :) warum?...}  
c4 {wollte mich einloggen, lassen mich aber 
nimmer.}  28.Kb1 {nexte level! 
Kibitz/TournamentDir./Legua Adv./Class=? ausswahl! 
Gruß   Laszlo !  ;))}  b5 {ja, die erlauben mir 
seit E-klasse nimmer die C-klasse! das ist das 
problem!}  29.Kc1 {es ist in andere richtung!!also 
B oder A !!  OK?! Gruß  L.  :)}  a5 {ja kapiert!}  
30.Kb1 Bf8 31.Ng2 {hallo!  :)}  Bxg2 {müde, viel 
arbeit und du?}  32.Rxg2 { Nun ja, Frühjahr 
Müdigkeit!   ;)) bei  + 14C°  !!  Gruß  L.}  h6 
{vielleicht kommt schon der frühling???? pferde 
haaren wie wild! die katzen auch!}  33.h3 {... 
hoffentlich nicht zu früh...}  h5 {eh ein 
komischer winter heuer}  34.Rh1 {... tja...}  Bc5 
{endlich wochenende!}  35.hxg4 {was ist das für 
eine arbeitsmoral susanne!?   ;))   ... wie bei 
mir....?  ;))  gruß  l.}  hxg4 {muß eh am 
wochenende arbeiten, aber nicht soviel!}  36.Rh6+ 
{wir männer sind verheiratet, und ihr...   mußt 
arbeiten... *g*   ;))}  Kd7 {jaja und dann seid 
ihr aufgewacht von euren träumen...}  37.Rh7+ 
{...leider...   *grins*}  Kc6 {hi, alles ok?}  
38.Rh6+ {ja, danke und bei dir?}  Kc7 {ja, ab 
diesem wochenende wieder kurs...}  39.Rh7+ {und 
nur 4-5 C° am wochenende! was denkst du von ein 
"remis" ?  gruß  L.  :)}  Kc6 {ja wird immer 
kälter, ich schau noch mal, ob ich aus dem 
dauerschach rauskomme.}  40.Rh6+ {ich habe schon 
(pausen) eingelegt!  ;))}  Bd6 41.Rf6 Kd7 42.Kc1 
{hallo,susanne! ich habe gerade mein 2. tournier 
gewonnen! :)  und bei dir? alles unter 
rot-weiss-rot}  Re6 {super! gratuliere! habe eines 
gewonnen, aber momentan nicht soviel zeit zum 
schachspielen}  43.Rf7+ {Danke.Ich war heute in 
deine gegend, bei Mödlinger Faschingsumzug! :)}  
Re7 {toll, ich war nicht dort, habe gemützelt, und 
wie wars?}  44.Rf6 {...laut und lustig!   :)}  Rh7 
45.Be1 Rh1 46.Kd2 Ke7 {alles ok bei dir? habe 
halsweh...}  47.Rg6 {du auch! bei uns in firma 
jede 2. und ich auch... irgend eine unbekante 
virus art...möglicherweise..}  Kf7 {liege heute 
schon danieder...}  48.Rg5 {hallo susanne!   :)}  
Be7 {hi du! alles ok on the road?}  49.Rf2 Bxg5 
{danke für den turm! jetzt kannst die partie 
vergessen!}  50.b3 {ich weiss, gratuliere!  :)  
wie ist deine meinung von diese neue PLAYCHESS ? 
gruß   L.}  Re5 {ist sehr gut, was bedeutet das 
preview, weißt du das?}  51.bxc4 {(vorschau oder 
wie hier"ganzseiteansicht")     gruß  L.}  
bxc4 0-1

[Event "ACL-A072"]
[Site "www.playchess.de"]
[Date "2001.03.19"]
[Round "16"]
[White "Zsozso"]
[Black "Bill"]
[WhiteElo "1500"]
[BlackElo "1676"]
[PlyCount "115"]
[Result "1-0"]

1.e4 e5 2.Nc3 Nc6 3.Bc4 Nf6 4.d3 Bc5 5.Be3 Bxe3 
6.fxe3 Na5 7.Bb3 d6 8.Nf3 O-O 9.O-O Nxb3 10.axb3 
c6 11.Qe1 a6 12.Qg3 Nh5 13.Qh4 Qxh4 14.Nxh4 g6 
15.Nf3 f6 16.Nd2 Be6 17.d4 Ng7 18.d5 cxd5 19.exd5 
Bd7 20.Nc4 Ne8 21.Nb6 Rd8 22.Ne2 Bf5 23.Rac1 Bd7 
24.c4 Bf5 25.Rf2 Be4 26.Ng3 f5 27.Nxe4 fxe4 {I'll 
be away Feb 19 - 23}  28.Rd2 Nf6 29.b4 {Thanks.}  
Rf7 30.b3 Ng4 31.Re2 Kg7 32.h3 Nf6 33.Rf2 Nd7 
34.Nxd7 Rxf2 35.Kxf2 Rxd7 36.b5 axb5 37.cxb5 Rf7+ 
38.Ke2 Kf6 39.b6 h5 40.Rc4 g5 41.Rxe4 Kf5 42.Rc4 
e4 43.Rc7 Kf6 44.Kd2 h4 45.Kc3 Re7 46.Kd4 Kf7 
47.Rc6 Rd7 48.Kxe4 Re7+ 49.Kd4 Rd7 50.e4 Ke7 
51.Rc7 Kd8 52.Rxd7+ Kxd7 53.e5 Ke7 54.e6 Kf6 
55.Ke4 Kg6 56.Kf3 Kg7 57.Kg4 Kg6 
58.b4 1-0

[Event "ACL-A073"]
[Site "www.playchess.de"]
[Date "2001.03.19"]
[Round "20"]
[White "Benjamin"]
[Black "Kevin"]
[WhiteElo "1500"]
[BlackElo "1500"]
[PlyCount "37"]
[Result "1-0"]

1.d4 d5 2.c4 dxc4 3.Nf3 Nc6 4.d5 Nb4 5.Qa4+ c6 
6.Qxb4 cxd5 7.Qb5+ Qd7 8.Qxd7+ Bxd7 9.Nc3 Nf6 
10.e4 dxe4 11.Ne5 Bf5 12.Bxc4 e6 13.Bb5+ Kd8 
14.Nxf7+ Ke7 15.Nxh8 a6 16.Be2 g5 17.Bxg5 Bg7 
18.g4 Bxg4 19.Bxg4 1-0

[Event "HCL-B147"]
[Site "www.playchess.de"]
[Date "2001.03.19"]
[Round "7"]
[White "peze4"]
[Black "dmitry"]
[WhiteElo "1500"]
[BlackElo "1370"]
[PlyCount "41"]
[Result "1-0"]

1.e4 e5 2.Nf3 Nc6 3.Bb5 a6 4.Ba4 Nf6 5.O-O Be7 
6.Re1 b5 7.Bb3 d6 8.c3 O-O 9.h3 Na5 10.Bc2 c5 
11.d4 cxd4 12.cxd4 exd4 13.Nxd4 Re8 14.Nc3 Bb7 
15.Nf5 d5 16.e5 Nd7 17.Nxg7 Kxg7 18.Qh5 Rh8 
19.Bh6+ {Mate in 5 moves!}  Kg8 20.e6 Nf6 
21.exf7+ 1-0

[Event "HCL-B148"]
[Site "www.playchess.de"]
[Date "2001.03.19"]
[Round "27"]
[White "Nils"]
[Black "BorEl"]
[WhiteElo "1707"]
[BlackElo "1490"]
[PlyCount "43"]
[Result "1/2-1/2"]

1.e4 c5 2.Nf3 {Hi, I wish a nice game!}  d6 {Hi!}  
3.d4 cxd4 4.Nxd4 g6 5.Nc3 Nf6 6.Bb5+ Bd7 7.Bg5 Bg7 
8.Bxf6 Bxf6 9.Nd5 Bg7 10.Bxd7+ Qxd7 11.O-O O-O 
12.c3 Nc6 13.Nf3 Rac8 14.Ne3 a6 15.Qd3 b5 16.Nd5 
Qb7 17.a4 b4 18.a5 Rcb8 19.Rfd1 Rfd8 20.Ra4 bxc3 
21.bxc3 Qa7 22.Nd4 1/2-1/2

[Event "HCL-C154"]
[Site "www.playchess.de"]
[Date "2001.03.19"]
[Round "15"]
[White "Chill"]
[Black "Petra"]
[WhiteElo "466"]
[BlackElo "1179"]
[PlyCount "24"]
[Result "0-1"]

1.c4 e5 2.Nc3 Nf6 3.g3 Nc6 4.Bg2 Bc5 5.e3 O-O 
6.Nge2 d6 7.d4 exd4 8.Bxc6 dxc3 9.Bg2 cxb2 10.Bxb2 
Bb4+ 11.Nc3 Bg4 12.Qd4 c5 0-1

[Event "ACL-A076"]
[Site "www.playchess.de"]
[Date "2001.03.19"]
[Round "14"]
[White "guerino"]
[Black "roofus"]
[WhiteElo "1500"]
[BlackElo "1500"]
[PlyCount "69"]
[Result "1-0"]

1.d4 d5 2.c4 Nf6 3.Nc3 dxc4 4.e4 Bg4 5.f3 Bh5 
6.Bxc4 Nc6 7.Nge2 e5 8.dxe5 Nxe5 9.Bb3 Nd3+ 10.Kf1 
Nxc1 11.Rxc1 Qxd1+ 12.Rxd1 Bc5 13.Ng3 O-O 14.Ke2 
Bd6 15.Nxh5 Nxh5 16.Nb5 Be5 17.Rd7 Nf4+ 18.Kf2 Nh5 
19.Nxc7 Rac8 20.Nb5 Rcd8 21.Rhd1 Rxd7 22.Rxd7 h6 
23.Rxb7 Rd8 24.Bxf7+ Kf8 25.Bxh5 Bf4 26.Rf7+ Kg8 
27.g3 Rd2+ 28.Kg1 g6 29.Bxg6 Be3+ 30.Kf1 Rxb2 
31.Nd6 Rxa2 32.Nf5 Ra1+ 33.Ke2 Bc5 34.Nxh6+ Kh8 
35.Rh7+ 1-0